000 00589nam a2200157 a 4500
001 000039353
005 20201002031617.0
008 130625s2007 mx abcd 000 0 spa d
020 _a9789688178522
040 _aDO-SdBNP
_bspa
_cBNPHU
245 0 0 _aEstadística del agua en México /
_cpresentación José Luís Lueges Tamargo.
260 _aMéxico :
_bComisión Nacional del Agua:
_bSecretaría de Medio Ambiente y Recursos Naturales,
_c2007.
300 _a259 p. :
_bil., gráf. , mapas, retr., ;
_c30 cm.
500 _aSegunada reimpresión
700 1 _aLueges Tamargo, José Luís
_965548
999 _c38843
_d38843